Normal view
MARC view
Entry Uniform Title
001 - CONTROL NUMBER
- control field: 37136
003 - CONTROL NUMBER IDENTIFIER
- control field: OSt
005 - DATE AND TIME OF LATEST TRANSACTION
- control field: 20150507121536.0
008 - FIXED-LENGTH DATA ELEMENTS
- fixed length control field: 150507|| aca||aabn | a|a d
040 ## - CATALOGING SOURCE
- Original cataloging agency: OSt
- Transcribing agency: OSt
130 ## - HEADING--UNIFORM TITLE
- Uniform title: Bible
- General subdivision: Translating
- General subdivision: Problems, exercises, etc.
670 ## - SOURCE DATA FOUND
- Source citation: Work cat.: (OSt)0: Larson, Mildred L. 10248, Meaning-based translation workbook :, c1998.
